| 000 | 00436nam a2200181Ia 4500 | ||
|---|---|---|---|
| 008 | 220726s9999||||xx |||||||||||||| ||und|| | ||
| 020 | _a9789388818117 | ||
| 082 | _a610 | ||
| 082 | _bKar/M | ||
| 100 | _aKar, Ashutosh | ||
| 245 | 0 | _aKar Ashutosh-Medicinal Chemistry- I (PCI) Sem- IV | |
| 250 | _aRiprint | ||
| 260 | _aNew Delhi | ||
| 260 | _bNew Age International Publishers | ||
| 260 | _c2020 | ||
| 300 | _a309 | ||
| 942 | _cPB | ||
| 999 |
_c35978 _d35978 |
||